[Event "DVM U16 2021"]
[Site "Kiel GER"]
[Date "2022.07.26"]
[Round "7"]
[White "Cilo, Selimhan"]
[Black "Müller, Magnus"]
[Result "0-1"]
[Termination "normal"]
[Board "4.1"]
[WhiteElo "1500"]
[BlackElo "2021"]
[WhiteClock "00:12:53"]
[BlackClock "00:51:47"]
[WhiteTeam "SF 1876 Göppingen"]
[BlackTeam "ESV Gera"]
[PlyCount "68"]
[WhiteFideId "16246756"]
[BlackFideId "16230060"]
[EventCountry "GER"]
[EventRounds "7"]
[EventType "team-swiss"]
[EventDate "2022.07.22"]

1. e4 {[%clk 01:30:57]} {[%emt 00:00:03]} c5 {[%clk 01:30:54]} {[%emt
00:00:06]} 2. Nf3 {[%clk 01:31:21]} {[%emt 00:00:06]} e6 {[%clk 01:31:20]}
{[%emt 00:00:04]} 3. g3 {[%clk 01:31:46]} {[%emt 00:00:06]} Nc6 {[%clk
01:31:42]} {[%emt 00:00:07]} 4. Bg2 {[%clk 01:32:10]} {[%emt 00:00:06]} Nf6
{[%clk 01:30:27]} {[%emt 00:01:45]} 5. Qe2 {[%clk 01:32:33]} {[%emt 00:00:07]}
Be7 {[%clk 01:25:41]} {[%emt 00:05:16]} 6. O-O {[%clk 01:31:09]} {[%emt
00:01:55]} O-O {[%clk 01:26:06]} {[%emt 00:00:05]} 7. c3 {[%clk 01:31:26]}
{[%emt 00:00:13]} d5 {[%clk 01:26:30]} {[%emt 00:00:06]} 8. e5 {[%clk
01:23:51]} {[%emt 00:08:06]} Nd7 {[%clk 01:26:38]} {[%emt 00:00:21]} 9. d4
{[%clk 01:20:32]} {[%emt 00:03:49]} Rb8 {[%clk 01:27:04]} {[%emt 00:00:04]} 10.
Be3 {[%clk 01:17:35]} {[%emt 00:03:27]} b5 {[%clk 01:27:28]} {[%emt 00:00:06]}
11. Nbd2 {[%clk 01:11:31]} {[%emt 00:06:35]} b4 {[%clk 01:25:44]} {[%emt
00:02:13]} 12. c4 {[%clk 01:01:22]} {[%emt 00:10:40]} Ba6 {[%clk 01:23:35]}
{[%emt 00:02:38]} 13. Rfc1 {[%clk 00:57:50]} {[%emt 00:04:02]} dxc4 {[%clk
01:20:20]} {[%emt 00:03:46]} 14. Nxc4 {[%clk 00:53:29]} {[%emt 00:04:51]} Nb6
{[%clk 01:20:44]} {[%emt 00:00:06]} 15. b3 {[%clk 00:53:22]} {[%emt 00:00:37]}
cxd4 {[%clk 01:19:10]} {[%emt 00:02:04]} 16. Rd1 {[%clk 00:53:18]} {[%emt
00:00:34]} Nxc4 {[%clk 01:18:45]} {[%emt 00:00:55]} 17. bxc4 {[%clk 00:53:03]}
{[%emt 00:00:45]} Bc5 {[%clk 01:18:41]} {[%emt 00:00:33]} 18. Qb2 {[%clk
00:52:52]} {[%emt 00:00:41]} Qb6 {[%clk 01:08:18]} {[%emt 00:10:53]} 19. Nxd4
{[%clk 00:33:10]} {[%emt 00:20:13]} Na5 {[%clk 01:05:08]} {[%emt 00:03:39]} 20.
Rac1 {[%clk 00:28:45]} {[%emt 00:04:56]} Rfd8 {[%clk 01:03:12]} {[%emt
00:02:26]} 21. Bf1 {[%clk 00:26:02]} {[%emt 00:03:13]} Bb7 {[%clk 00:59:36]}
{[%emt 00:04:05]} 22. Bg2 {[%clk 00:25:29]} {[%emt 00:01:04]} Ba6 {[%clk
01:00:01]} {[%emt 00:00:05]} 23. Bf1 {[%clk 00:25:51]} {[%emt 00:00:09]} Rbc8
{[%clk 00:59:43]} {[%emt 00:00:47]} 24. Nc2 {[%clk 00:23:34]} {[%emt 00:02:47]}
Rxd1 {[%clk 00:56:50]} {[%emt 00:03:23]} 25. Rxd1 {[%clk 00:23:54]} {[%emt
00:00:10]} Bb7 {[%clk 00:56:56]} {[%emt 00:00:24]} 26. Bxc5 {[%clk 00:21:00]}
{[%emt 00:03:25]} Qc6 {[%clk 00:52:31]} {[%emt 00:04:54]} 27. f3 {[%clk
00:20:41]} {[%emt 00:00:48]} Qxc5+ {[%clk 00:52:33]} {[%emt 00:00:29]} 28. Kg2
{[%clk 00:21:02]} {[%emt 00:00:10]} Nc6 {[%clk 00:52:44]} {[%emt 00:00:18]} 29.
Be2 {[%clk 00:18:57]} {[%emt 00:02:35]} Rb8 {[%clk 00:51:51]} {[%emt 00:01:23]}
30. h4 {[%clk 00:15:52]} {[%emt 00:03:35]} h6 {[%clk 00:52:04]} {[%emt
00:00:17]} 31. g4 {[%clk 00:12:48]} {[%emt 00:03:34]} Nxe5 {[%clk 00:51:41]}
{[%emt 00:00:53]} 32. Nxb4 {[%clk 00:12:41]} {[%emt 00:00:37]} a5 {[%clk
00:51:18]} {[%emt 00:00:52]} 33. Na6 {[%clk 00:12:56]} {[%emt 00:00:16]} Bxf3+
{[%clk 00:51:30]} {[%emt 00:00:19]} 34. Kh3 {[%clk 00:12:53]} {[%emt 00:00:32]}
Bxg4+ {[%clk 00:51:47]} {[%emt 00:00:13]} 0-1

[Event "DVM U16 2021"]
[Site "Kiel GER"]
[Date "2022.07.26"]
[Round "7"]
[White "Frank, Marek"]
[Black "Kittel, Lennart"]
[Result "1/2-1/2"]
[Termination "normal"]
[Board "4.2"]
[WhiteElo "1551"]
[BlackElo "1557"]
[WhiteClock "00:12:20"]
[BlackClock "00:10:39"]
[WhiteTeam "ESV Gera"]
[BlackTeam "SF 1876 Göppingen"]
[PlyCount "100"]
[WhiteFideId "16239520"]
[BlackFideId "16254171"]
[EventCountry "GER"]
[EventRounds "7"]
[EventType "team-swiss"]
[EventDate "2022.07.22"]

1. e4 {[%clk 01:30:57]} {[%emt 00:00:03]} e5 {[%clk 01:30:49]} {[%emt
00:00:11]} 2. Nf3 {[%clk 01:31:18]} {[%emt 00:00:09]} Nf6 {[%clk 01:31:09]}
{[%emt 00:00:11]} 3. Nxe5 {[%clk 01:31:39]} {[%emt 00:00:08]} d6 {[%clk
01:31:28]} {[%emt 00:00:11]} 4. Nf3 {[%clk 01:32:03]} {[%emt 00:00:05]} Nxe4
{[%clk 01:31:46]} {[%emt 00:00:12]} 5. Nc3 {[%clk 01:32:23]} {[%emt 00:00:11]}
Nxc3 {[%clk 01:32:04]} {[%emt 00:00:13]} 6. dxc3 {[%clk 01:32:47]} {[%emt
00:00:05]} Be7 {[%clk 01:32:11]} {[%emt 00:00:22]} 7. Bf4 {[%clk 01:32:40]}
{[%emt 00:00:37]} Nc6 {[%clk 01:30:16]} {[%emt 00:02:25]} 8. Qd2 {[%clk
01:31:08]} {[%emt 00:02:02]} Be6 {[%clk 01:28:58]} {[%emt 00:01:48]} 9. Bd3
{[%clk 01:23:37]} {[%emt 00:08:00]} Qd7 {[%clk 01:28:13]} {[%emt 00:01:16]} 10.
O-O-O {[%clk 01:20:06]} {[%emt 00:04:01]} a6 {[%clk 01:22:39]} {[%emt
00:06:04]} 11. Rhe1 {[%clk 01:17:31]} {[%emt 00:03:04]} O-O-O {[%clk 01:21:26]}
{[%emt 00:01:44]} 12. Qe2 {[%clk 01:13:29]} {[%emt 00:04:32]} d5 {[%clk
01:06:14]} {[%emt 00:15:43]} 13. c4 {[%clk 01:07:53]} {[%emt 00:06:06]} Rhe8
{[%clk 00:51:04]} {[%emt 00:15:40]} 14. Qf1 {[%clk 01:04:31]} {[%emt 00:03:52]}
dxc4 {[%clk 00:40:11]} {[%emt 00:11:23]} 15. Bxc4 {[%clk 00:59:38]} {[%emt
00:05:23]} Bxc4 {[%clk 00:39:37]} {[%emt 00:01:04]} 16. Qxc4 {[%clk 00:57:33]}
{[%emt 00:02:35]} Qf5 {[%clk 00:38:44]} {[%emt 00:01:23]} 17. Rxd8+ {[%clk
00:55:57]} {[%emt 00:02:07]} Kxd8 {[%clk 00:37:42]} {[%emt 00:01:33]} 18. Ne5
{[%clk 00:51:01]} {[%emt 00:05:25]} Nxe5 {[%clk 00:30:45]} {[%emt 00:07:27]}
19. Rxe5 {[%clk 00:50:20]} {[%emt 00:01:11]} Qd7 {[%clk 00:29:41]} {[%emt
00:01:33]} 20. Rd5 {[%clk 00:44:33]} {[%emt 00:06:19]} Bd6 {[%clk 00:29:48]}
{[%emt 00:00:23]} 21. Bxd6 {[%clk 00:43:03]} {[%emt 00:02:00]} cxd6 {[%clk
00:29:42]} {[%emt 00:00:36]} 22. Qd4 {[%clk 00:39:57]} {[%emt 00:03:35]} Re6
{[%clk 00:27:38]} {[%emt 00:02:35]} 23. Qxg7 {[%clk 00:33:19]} {[%emt
00:07:07]} Rg6 {[%clk 00:26:34]} {[%emt 00:01:34]} 24. Qd4 {[%clk 00:29:00]}
{[%emt 00:04:48]} Qe6 {[%clk 00:22:11]} {[%emt 00:04:54]} 25. b3 {[%clk
00:24:26]} {[%emt 00:05:05]} Ke7 {[%clk 00:20:45]} {[%emt 00:01:56]} 26. g3
{[%clk 00:19:56]} {[%emt 00:04:59]} Rg4 {[%clk 00:15:41]} {[%emt 00:05:34]} 27.
f4 {[%clk 00:18:14]} {[%emt 00:02:12]} Rg8 {[%clk 00:11:41]} {[%emt 00:04:30]}
28. f5 {[%clk 00:15:48]} {[%emt 00:02:56]} Qh6+ {[%clk 00:11:05]} {[%emt
00:01:06]} 29. Kb2 {[%clk 00:13:31]} {[%emt 00:02:46]} Rc8 {[%clk 00:09:07]}
{[%emt 00:02:30]} 30. f6+ {[%clk 00:11:44]} {[%emt 00:02:17]} Qxf6 {[%clk
00:08:52]} {[%emt 00:00:45]} 31. Qxf6+ {[%clk 00:11:57]} {[%emt 00:00:16]} Kxf6
{[%clk 00:09:16]} {[%emt 00:00:06]} 32. Rxd6+ {[%clk 00:12:18]} {[%emt
00:00:09]} Kg7 {[%clk 00:08:22]} {[%emt 00:01:24]} 33. Kc1 {[%clk 00:09:26]}
{[%emt 00:03:22]} Rc3 {[%clk 00:07:01]} {[%emt 00:01:52]} 34. Rd3 {[%clk
00:08:39]} {[%emt 00:01:17]} Rc6 {[%clk 00:06:20]} {[%emt 00:01:10]} 35. Kd2
{[%clk 00:08:39]} {[%emt 00:00:30]} b5 {[%clk 00:05:50]} {[%emt 00:01:00]} 36.
Rd4 {[%clk 00:07:46]} {[%emt 00:01:23]} Kf6 {[%clk 00:03:05]} {[%emt 00:03:15]}
37. Rh4 {[%clk 00:05:46]} {[%emt 00:02:29]} Kg6 {[%clk 00:02:50]} {[%emt
00:00:46]} 38. c4 {[%clk 00:04:33]} {[%emt 00:01:43]} bxc4 {[%clk 00:01:17]}
{[%emt 00:02:04]} 39. Rxc4 {[%clk 00:04:59]} {[%emt 00:00:05]} Rf6 {[%clk
00:01:16]} {[%emt 00:00:31]} 40. Ke3 {[%clk 00:03:10]} {[%emt 00:02:19]} Kg5
{[%clk 00:00:31]} {[%emt 00:01:16]} 41. Rf4 {[%clk 00:00:34]} {[%emt 00:03:04]}
Re6+ {[%clk 00:29:17]} {[%emt 00:01:44]} 42. Kf3 {[%clk 00:29:19]} {[%emt
00:01:45]} f5 {[%clk 00:28:05]} {[%emt 00:01:42]} 43. h4+ {[%clk 00:27:28]}
{[%emt 00:02:22]} Kg6 {[%clk 00:27:54]} {[%emt 00:00:40]} 44. Rc4 {[%clk
00:24:14]} {[%emt 00:03:43]} Kf6 {[%clk 00:23:47]} {[%emt 00:04:37]} 45. Kf4
{[%clk 00:23:25]} {[%emt 00:01:18]} Kg6 {[%clk 00:22:37]} {[%emt 00:01:41]} 46.
b4 {[%clk 00:21:00]} {[%emt 00:02:55]} Kf6 {[%clk 00:16:08]} {[%emt 00:06:59]}
47. a4 {[%clk 00:19:30]} {[%emt 00:02:01]} Rb6 {[%clk 00:14:23]} {[%emt
00:02:14]} 48. Ke3 {[%clk 00:13:51]} {[%emt 00:06:08]} Ke5 {[%clk 00:12:10]}
{[%emt 00:02:43]} 49. Rf4 {[%clk 00:13:23]} {[%emt 00:00:58]} Rg6 {[%clk
00:11:33]} {[%emt 00:01:07]} 50. Kf3 {[%clk 00:12:20]} {[%emt 00:01:33]} Rc6
{[%clk 00:10:39]} {[%emt 00:01:25]} 1/2-1/2

[Event "DVM U16 2021"]
[Site "Kiel GER"]
[Date "2022.07.26"]
[Round "7"]
[White "Schedel, Loris"]
[Black "Frank, Marian"]
[Result "0-1"]
[Termination "normal"]
[Board "4.3"]
[WhiteElo "1520"]
[BlackElo "1373"]
[WhiteClock "00:52:21"]
[BlackClock "00:33:14"]
[WhiteTeam "SF 1876 Göppingen"]
[BlackTeam "ESV Gera"]
[PlyCount "36"]
[WhiteFideId "16255542"]
[BlackFideId "16245059"]
[EventCountry "GER"]
[EventRounds "7"]
[EventType "team-swiss"]
[EventDate "2022.07.22"]

1. e4 {[%clk 01:30:58]} {[%emt 00:00:01]} e5 {[%clk 01:30:56]} {[%emt
00:00:04]} 2. Nf3 {[%clk 01:31:23]} {[%emt 00:00:05]} Nc6 {[%clk 01:31:22]}
{[%emt 00:00:04]} 3. Bc4 {[%clk 01:31:47]} {[%emt 00:00:06]} Bc5 {[%clk
01:31:48]} {[%emt 00:00:04]} 4. c3 {[%clk 01:32:11]} {[%emt 00:00:06]} Nf6
{[%clk 01:32:14]} {[%emt 00:00:05]} 5. d4 {[%clk 01:32:34]} {[%emt 00:00:07]}
exd4 {[%clk 01:32:41]} {[%emt 00:00:03]} 6. e5 {[%clk 01:32:57]} {[%emt
00:00:07]} d5 {[%clk 01:32:26]} {[%emt 00:00:45]} 7. Bb5 {[%clk 01:33:20]}
{[%emt 00:00:07]} Ne4 {[%clk 01:32:44]} {[%emt 00:00:11]} 8. cxd4 {[%clk
01:33:45]} {[%emt 00:00:06]} Bb6 {[%clk 01:32:07]} {[%emt 00:01:06]} 9. Nc3
{[%clk 01:32:18]} {[%emt 00:01:57]} Bg4 {[%clk 01:30:47]} {[%emt 00:01:50]} 10.
Qd3 {[%clk 01:28:53]} {[%emt 00:03:55]} Bf5 {[%clk 01:23:59]} {[%emt 00:07:18]}
11. e6 {[%clk 01:09:46]} {[%emt 00:19:38]} fxe6 {[%clk 00:58:23]} {[%emt
00:26:06]} 12. Ne5 {[%clk 01:09:24]} {[%emt 00:00:51]} O-O {[%clk 00:55:21]}
{[%emt 00:03:33]} 13. Nxe4 {[%clk 00:58:44]} {[%emt 00:11:10]} Nxe5 {[%clk
00:53:49]} {[%emt 00:02:01]} 14. dxe5 {[%clk 00:58:06]} {[%emt 00:01:08]} Bxe4
{[%clk 00:52:11]} {[%emt 00:02:08]} 15. Qh3 {[%clk 00:57:56]} {[%emt 00:00:40]}
Bxf2+ {[%clk 00:51:30]} {[%emt 00:01:12]} 16. Ke2 {[%clk 00:57:16]} {[%emt
00:01:10]} Bf5 {[%clk 00:47:21]} {[%emt 00:04:38]} 17. Qf3 {[%clk 00:55:47]}
{[%emt 00:01:59]} Qh4 {[%clk 00:37:38]} {[%emt 00:10:14]} 18. g3 {[%clk
00:52:21]} {[%emt 00:03:55]} Qb4 {[%clk 00:33:14]} {[%emt 00:04:53]} 0-1

[Event "DVM U16 2021"]
[Site "Kiel GER"]
[Date "2022.07.26"]
[Round "7"]
[White "Barz, Henrik"]
[Black "Heilig, Tim Markus"]
[Result "0-1"]
[Termination "normal"]
[Board "4.4"]
[WhiteElo "1492"]
[BlackElo "1365"]
[WhiteClock "00:31:18"]
[BlackClock "00:26:41"]
[WhiteTeam "ESV Gera"]
[BlackTeam "SF 1876 Göppingen"]
[PlyCount "60"]
[WhiteFideId "34628320"]
[BlackFideId "16295935"]
[EventCountry "GER"]
[EventRounds "7"]
[EventType "team-swiss"]
[EventDate "2022.07.22"]

1. e4 {[%clk 01:30:58]} {[%emt 00:00:01]} e5 {[%clk 01:30:25]} {[%emt
00:00:36]} 2. Nf3 {[%clk 01:31:22]} {[%emt 00:00:06]} Nc6 {[%clk 01:30:47]}
{[%emt 00:00:08]} 3. Bb5 {[%clk 01:31:48]} {[%emt 00:00:04]} a6 {[%clk
01:30:50]} {[%emt 00:00:27]} 4. Ba4 {[%clk 01:32:12]} {[%emt 00:00:06]} b5
{[%clk 01:31:16]} {[%emt 00:00:04]} 5. Bb3 {[%clk 01:32:36]} {[%emt 00:00:07]}
Nf6 {[%clk 01:31:28]} {[%emt 00:00:18]} 6. O-O {[%clk 01:32:59]} {[%emt
00:00:07]} Bb7 {[%clk 01:30:29]} {[%emt 00:01:28]} 7. d4 {[%clk 01:32:12]}
{[%emt 00:01:17]} d6 {[%clk 01:25:46]} {[%emt 00:05:14]} 8. Ng5 {[%clk
01:27:38]} {[%emt 00:05:03]} d5 {[%clk 01:22:17]} {[%emt 00:03:59]} 9. exd5
{[%clk 01:27:18]} {[%emt 00:00:51]} Nxd4 {[%clk 01:14:38]} {[%emt 00:08:08]}
10. Re1 {[%clk 01:24:08]} {[%emt 00:03:40]} Nxb3 {[%clk 01:11:25]} {[%emt
00:03:43]} 11. Rxe5+ {[%clk 01:19:05]} {[%emt 00:05:34]} Be7 {[%clk 01:11:30]}
{[%emt 00:00:25]} 12. axb3 {[%clk 01:19:17]} {[%emt 00:00:18]} O-O {[%clk
01:09:48]} {[%emt 00:02:11]} 13. c4 {[%clk 01:07:32]} {[%emt 00:12:15]} Bd6
{[%clk 01:07:10]} {[%emt 00:03:09]} 14. Re1 {[%clk 01:07:11]} {[%emt 00:00:51]}
Qd7 {[%clk 01:02:16]} {[%emt 00:05:24]} 15. Nc3 {[%clk 01:05:58]} {[%emt
00:01:43]} c6 {[%clk 00:57:07]} {[%emt 00:05:39]} 16. Nce4 {[%clk 01:01:12]}
{[%emt 00:05:16]} Nxe4 {[%clk 00:51:03]} {[%emt 00:06:34]} 17. Rxe4 {[%clk
00:44:47]} {[%emt 00:16:56]} h6 {[%clk 00:42:42]} {[%emt 00:08:49]} 18. Nf3
{[%clk 00:43:17]} {[%emt 00:02:00]} Rfe8 {[%clk 00:39:24]} {[%emt 00:03:48]}
19. Rxe8+ {[%clk 00:41:08]} {[%emt 00:02:40]} Rxe8 {[%clk 00:39:37]} {[%emt
00:00:16]} 20. dxc6 {[%clk 00:41:29]} {[%emt 00:00:10]} Bxh2+ {[%clk 00:38:45]}
{[%emt 00:01:22]} 21. Kxh2 {[%clk 00:41:25]} {[%emt 00:00:34]} Qxd1 {[%clk
00:39:05]} {[%emt 00:00:08]} 22. cxb7 {[%clk 00:41:50]} {[%emt 00:00:07]} Qd6+
{[%clk 00:37:30]} {[%emt 00:02:03]} 23. g3 {[%clk 00:41:47]} {[%emt 00:00:34]}
Qb6 {[%clk 00:36:07]} {[%emt 00:01:53]} 24. Be3 {[%clk 00:41:51]} {[%emt
00:00:27]} Qxb7 {[%clk 00:36:05]} {[%emt 00:00:32]} 25. cxb5 {[%clk 00:40:23]}
{[%emt 00:01:58]} axb5 {[%clk 00:35:16]} {[%emt 00:01:19]} 26. Nd4 {[%clk
00:40:33]} {[%emt 00:00:19]} Re5 {[%clk 00:33:38]} {[%emt 00:02:07]} 27. g4
{[%clk 00:40:50]} {[%emt 00:00:14]} Re4 {[%clk 00:30:59]} {[%emt 00:03:09]} 28.
Kh3 {[%clk 00:39:37]} {[%emt 00:01:43]} Qd7 {[%clk 00:28:25]} {[%emt 00:03:04]}
29. Nf5 {[%clk 00:38:35]} {[%emt 00:01:32]} h5 {[%clk 00:26:23]} {[%emt
00:02:31]} 30. Ra8+ {[%clk 00:31:18]} {[%emt 00:07:48]} Kh7 {[%clk 00:26:41]}
{[%emt 00:00:11]} 0-1

[Event "DVM U16 2021"]
[Site "Kiel GER"]
[Date "2022.07.26"]
[Round "7"]
[White "Mainka, Alwin"]
[Black "Danninger, Jannik"]
[Result "1-0"]
[Termination "normal"]
[Board "5.1"]
[WhiteElo "2011"]
[BlackElo "1840"]
[WhiteClock "00:36:50"]
[BlackClock "00:27:10"]
[WhiteTeam "DJK Arminia Eilendorf 1919 e. V."]
[BlackTeam "TV Tegernsee"]
[PlyCount "55"]
[WhiteFideId "16241177"]
[BlackFideId "16226402"]
[EventCountry "GER"]
[EventRounds "7"]
[EventType "team-swiss"]
[EventDate "2022.07.22"]

1. e4 {[%clk 01:30:56]} {[%emt 00:00:03]} c5 {[%clk 01:30:55]} {[%emt
00:00:05]} 2. Nf3 {[%clk 01:31:12]} {[%emt 00:00:13]} d6 {[%clk 01:31:19]}
{[%emt 00:00:07]} 3. d4 {[%clk 01:31:36]} {[%emt 00:00:06]} cxd4 {[%clk
01:31:44]} {[%emt 00:00:05]} 4. Nxd4 {[%clk 01:31:49]} {[%emt 00:00:15]} Nf6
{[%clk 01:32:11]} {[%emt 00:00:05]} 5. Nc3 {[%clk 01:32:06]} {[%emt 00:00:12]}
g6 {[%clk 01:32:38]} {[%emt 00:00:04]} 6. Be3 {[%clk 01:32:26]} {[%emt
00:00:10]} Bg7 {[%clk 01:33:02]} {[%emt 00:00:06]} 7. f3 {[%clk 01:32:46]}
{[%emt 00:00:09]} O-O {[%clk 01:33:27]} {[%emt 00:00:06]} 8. Qd2 {[%clk
01:33:06]} {[%emt 00:00:10]} Nc6 {[%clk 01:33:50]} {[%emt 00:00:07]} 9. Nb3
{[%clk 01:32:57]} {[%emt 00:00:39]} a6 {[%clk 01:33:24]} {[%emt 00:00:56]} 10.
O-O-O {[%clk 01:30:16]} {[%emt 00:03:11]} Be6 {[%clk 01:33:05]} {[%emt
00:00:50]} 11. g4 {[%clk 01:26:08]} {[%emt 00:04:38]} b5 {[%clk 01:32:48]}
{[%emt 00:00:46]} 12. h4 {[%clk 01:24:03]} {[%emt 00:02:35]} Ne5 {[%clk
01:32:14]} {[%emt 00:01:05]} 13. Be2 {[%clk 01:24:02]} {[%emt 00:00:30]} Bc4
{[%clk 01:27:23]} {[%emt 00:05:21]} 14. h5 {[%clk 01:13:52]} {[%emt 00:10:40]}
Rc8 {[%clk 01:27:14]} {[%emt 00:00:39]} 15. hxg6 {[%clk 01:00:39]} {[%emt
00:13:43]} fxg6 {[%clk 01:27:15]} {[%emt 00:00:29]} 16. Bd4 {[%clk 01:00:41]}
{[%emt 00:00:27]} Qc7 {[%clk 01:14:29]} {[%emt 00:13:17]} 17. Kb1 {[%clk
00:52:04]} {[%emt 00:09:07]} Bxe2 {[%clk 01:08:26]} {[%emt 00:06:33]} 18. Qxe2
{[%clk 00:52:11]} {[%emt 00:00:23]} Nc4 {[%clk 01:04:39]} {[%emt 00:04:17]} 19.
Nd5 {[%clk 00:48:58]} {[%emt 00:03:43]} Nxd5 {[%clk 01:02:28]} {[%emt
00:02:41]} 20. exd5 {[%clk 00:48:41]} {[%emt 00:00:47]} Rf7 {[%clk 00:52:41]}
{[%emt 00:10:17]} 21. Bxg7 {[%clk 00:47:34]} {[%emt 00:01:37]} Kxg7 {[%clk
00:47:17]} {[%emt 00:05:54]} 22. Nd4 {[%clk 00:46:23]} {[%emt 00:01:41]} Kg8
{[%clk 00:47:04]} {[%emt 00:00:42]} 23. Ne6 {[%clk 00:43:11]} {[%emt 00:03:44]}
Qa5 {[%clk 00:44:36]} {[%emt 00:02:57]} 24. Ng5 {[%clk 00:36:11]} {[%emt
00:07:30]} Qb4 {[%clk 00:35:54]} {[%emt 00:09:13]} 25. c3 {[%clk 00:36:35]}
{[%emt 00:00:05]} Na3+ {[%clk 00:36:04]} {[%emt 00:00:20]} 26. Ka1 {[%clk
00:37:00]} {[%emt 00:00:05]} Rxc3 {[%clk 00:35:56]} {[%emt 00:00:37]} 27. bxa3
{[%clk 00:37:22]} {[%emt 00:00:09]} Rxa3 {[%clk 00:27:10]} {[%emt 00:09:16]}
28. Nxf7 {[%clk 00:36:50]} {[%emt 00:01:02]} 1-0

[Event "DVM U16 2021"]
[Site "Kiel GER"]
[Date "2022.07.26"]
[Round "7"]
[White "Andrade, Ruben"]
[Black "Alms, Frithjof"]
[Result "0-1"]
[Termination "normal"]
[Board "5.2"]
[WhiteElo "1614"]
[BlackElo "1603"]
[WhiteClock "00:30:09"]
[BlackClock "00:31:33"]
[WhiteTeam "TV Tegernsee"]
[BlackTeam "DJK Arminia Eilendorf 1919 e. V."]
[PlyCount "84"]
[WhiteFideId "16246829"]
[BlackFideId "16258398"]
[EventCountry "GER"]
[EventRounds "7"]
[EventType "team-swiss"]
[EventDate "2022.07.22"]

1. e4 {[%clk 01:30:55]} {[%emt 00:00:04]} c6 {[%clk 01:30:55]} {[%emt
00:00:06]} 2. d4 {[%clk 01:31:22]} {[%emt 00:00:03]} d5 {[%clk 01:31:21]}
{[%emt 00:00:03]} 3. e5 {[%clk 01:31:49]} {[%emt 00:00:04]} e6 {[%clk
01:28:14]} {[%emt 00:03:36]} 4. f4 {[%clk 01:25:29]} {[%emt 00:06:50]} c5
{[%clk 01:26:48]} {[%emt 00:01:57]} 5. c3 {[%clk 01:17:11]} {[%emt 00:08:48]}
Nc6 {[%clk 01:26:04]} {[%emt 00:01:14]} 6. Nf3 {[%clk 01:02:24]} {[%emt
00:15:17]} Bd7 {[%clk 01:15:31]} {[%emt 00:11:02]} 7. Be3 {[%clk 00:57:40]}
{[%emt 00:05:14]} Qb6 {[%clk 01:09:06]} {[%emt 00:06:55]} 8. Qd2 {[%clk
00:56:38]} {[%emt 00:01:32]} Nh6 {[%clk 00:58:50]} {[%emt 00:10:47]} 9. dxc5
{[%clk 00:49:58]} {[%emt 00:07:10]} Bxc5 {[%clk 00:59:04]} {[%emt 00:00:16]}
10. Bxc5 {[%clk 00:50:09]} {[%emt 00:00:19]} Qxc5 {[%clk 00:59:27]} {[%emt
00:00:06]} 11. Nd4 {[%clk 00:47:52]} {[%emt 00:02:47]} Rc8 {[%clk 00:54:53]}
{[%emt 00:05:04]} 12. Na3 {[%clk 00:45:22]} {[%emt 00:03:00]} a6 {[%clk
00:48:08]} {[%emt 00:07:15]} 13. Be2 {[%clk 00:37:43]} {[%emt 00:08:09]} O-O
{[%clk 00:44:56]} {[%emt 00:03:42]} 14. O-O {[%clk 00:31:30]} {[%emt 00:06:43]}
Nf5 {[%clk 00:37:08]} {[%emt 00:08:18]} 15. Rad1 {[%clk 00:31:20]} {[%emt
00:00:39]} b5 {[%clk 00:27:41]} {[%emt 00:09:58]} 16. b4 {[%clk 00:29:41]}
{[%emt 00:02:09]} Qb6 {[%clk 00:26:16]} {[%emt 00:01:55]} 17. Nac2 {[%clk
00:28:29]} {[%emt 00:01:42]} f6 {[%clk 00:24:43]} {[%emt 00:02:04]} 18. exf6
{[%clk 00:25:29]} {[%emt 00:03:30]} Rxf6 {[%clk 00:24:27]} {[%emt 00:00:45]}
19. Kh1 {[%clk 00:25:18]} {[%emt 00:00:41]} Ncxd4 {[%clk 00:20:12]} {[%emt
00:04:46]} 20. Nxd4 {[%clk 00:24:23]} {[%emt 00:01:25]} Nd6 {[%clk 00:17:23]}
{[%emt 00:03:18]} 21. Bd3 {[%clk 00:23:00]} {[%emt 00:01:53]} Qc7 {[%clk
00:15:46]} {[%emt 00:02:07]} 22. Rc1 {[%clk 00:20:56]} {[%emt 00:02:34]} Rcf8
{[%clk 00:14:21]} {[%emt 00:01:55]} 23. g4 {[%clk 00:14:08]} {[%emt 00:07:18]}
Nc4 {[%clk 00:13:40]} {[%emt 00:01:11]} 24. Qe2 {[%clk 00:10:50]} {[%emt
00:03:48]} e5 {[%clk 00:08:28]} {[%emt 00:05:42]} 25. Nf5 {[%clk 00:02:11]}
{[%emt 00:09:09]} Bxf5 {[%clk 00:07:46]} {[%emt 00:01:12]} 26. Bxf5 {[%clk
00:00:59]} {[%emt 00:01:41]} e4 {[%clk 00:07:22]} {[%emt 00:00:54]} 27. Rg1
{[%clk 00:00:36]} {[%emt 00:00:54]} g6 {[%clk 00:06:07]} {[%emt 00:01:46]} 28.
Bxe4 {[%clk 00:00:39]} {[%emt 00:00:27]} dxe4 {[%clk 00:06:20]} {[%emt
00:00:16]} 29. f5 {[%clk 00:00:34]} {[%emt 00:00:36]} e3 {[%clk 00:06:10]}
{[%emt 00:00:40]} 30. Rg3 {[%clk 00:00:34]} {[%emt 00:00:30]} Qb7+ {[%clk
00:06:04]} {[%emt 00:00:35]} 31. Kg1 {[%clk 00:00:53]} {[%emt 00:00:12]} Rd8
{[%clk 00:04:29]} {[%emt 00:02:04]} 32. Rd1 {[%clk 00:01:10]} {[%emt 00:00:13]}
Qe7 {[%clk 00:04:06]} {[%emt 00:00:53]} 33. Rg2 {[%clk 00:00:42]} {[%emt
00:00:59]} Rxd1+ {[%clk 00:03:52]} {[%emt 00:00:43]} 34. Qxd1 {[%clk 00:01:10]}
{[%emt 00:00:02]} Rd6 {[%clk 00:02:57]} {[%emt 00:01:25]} 35. Qf3 {[%clk
00:01:37]} {[%emt 00:00:03]} Qd8 {[%clk 00:02:46]} {[%emt 00:00:41]} 36. Re2
{[%clk 00:00:57]} {[%emt 00:01:10]} Rd1+ {[%clk 00:02:59]} {[%emt 00:00:17]}
37. Kg2 {[%clk 00:01:20]} {[%emt 00:00:07]} Rd2 {[%clk 00:03:15]} {[%emt
00:00:14]} 38. Kh3 {[%clk 00:01:00]} {[%emt 00:00:51]} Rxe2 {[%clk 00:03:07]}
{[%emt 00:00:38]} 39. Qxe2 {[%clk 00:01:29]} Qd5 {[%clk 00:02:23]} {[%emt
00:01:13]} 40. f6 {[%clk 00:00:37]} {[%emt 00:01:22]} h5 {[%clk 00:02:07]}
{[%emt 00:00:46]} 41. Kg3 {[%clk 00:29:56]} {[%emt 00:01:11]} Qd2 {[%clk
00:31:27]} {[%emt 00:01:10]} 42. Qf3 {[%clk 00:30:09]} {[%emt 00:00:16]} Qf2+
{[%clk 00:31:33]} {[%emt 00:00:24]} 0-1